000
00286 a2200145 4500
001
177161
020
_a
040
_c
Magnum
240
1
0
_a
Os três porquinhos
_l
por
245
1
0
_a
Os três porquinhos
300
_a
8
440
1
_a
FTD
697
_a
LITERATURA INFANTO
942
_c
BK
999
_c
177161
_d
177161